000 00399nam a2200169Ia 4500
001 8937
003 IN-NITTTR
005 20251114233042.0
008 251113s9999||||xx |||||||||||||| ||eng||
040 _beng
040 _cIN-NITTTR
041 _aeng
082 _a621.317 M189E
100 _aMcintyre, R. L.
245 0 _aElectric motor control fundamenals /
_cMcintyre, R. L.
942 _2ddc
_cBK
999 _c11574
_d11574